| 000 | 00479nam a2200169Ia 4500 | ||
|---|---|---|---|
| 003 | IN-BaIIA | ||
| 008 | 211028s9999 xx 000 0 eng d | ||
| 040 | _cIIA Library | ||
| 080 |
_a550.38 _bOLS |
||
| 100 |
_aOlsen, J. _952 |
||
| 245 | 0 |
_aResults of magnetic observations made at Tatuoca (Brazil) Sep 1933 Jan - 1934 _cOlsen J. |
|
| 260 |
_aCopenhagen _bTricot Harsholm Bogtrykkeri _c1951 |
||
| 300 | _a15p. | ||
| 650 |
_aGeomagnetism _953 |
||
| 650 |
_aGeophysics _954 |
||
| 942 | _cBK | ||
| 999 |
_c63 _d63 |
||